BIBLIOTECA

SENCICO

Adi Kret (Registro nro. 3374)

Detalles MARC
000 -LEADER
fixed length control field 00732nam a2200205Ia 4500
005 - DATE AND TIME OF LATEST TRANSACTION
control field 20251020182612.0
008 - FIXED-LENGTH DATA ELEMENTS--GENERAL INFORMATION
fixed length control field 200515s9999 xx 000 0 und d
082 ## - DEWEY DECIMAL CLASSIFICATION NUMBER
Classification number SC/678.04+692.4/A20
110 ## - MAIN ENTRY--CORPORATE NAME
Corporate name or jurisdiction name as entry element Aditivos para Concreto y Construcción S. A.
245 #0 - TITLE STATEMENT
Title Adi Kret
260 ## - PUBLICATION, DISTRIBUTION, ETC.
Place of publication, distribution, etc. Lima
260 ## - PUBLICATION, DISTRIBUTION, ETC.
Date of publication, distribution, etc. s.a.
520 ## - SUMMARY, ETC.
Summary, etc. Contiene: impermeabilizantes, acelerantes, retardadores y plastificantes, incorporador de aire-expansivos-livianos, curadores, endurecedores de pisos, desmoldadores de encofrados y preservantes de madera, retardadores superficiales, adhesivos o pegamentos
650 ## - SUBJECT ADDED ENTRY--TOPICAL TERM
Topical term or geographic name entry element ACELERANTES
650 ## - SUBJECT ADDED ENTRY--TOPICAL TERM
Topical term or geographic name entry element ADITIVOS
650 ## - SUBJECT ADDED ENTRY--TOPICAL TERM
Topical term or geographic name entry element CATALOGOS
650 ## - SUBJECT ADDED ENTRY--TOPICAL TERM
Topical term or geographic name entry element IMPERMEABILIZANTES
650 ## - SUBJECT ADDED ENTRY--TOPICAL TERM
Topical term or geographic name entry element SELLADORES
942 ## - ADDED ENTRY ELEMENTS (KOHA)
Koha item type Libros
Existencias
Fecha de la última vez que lo usaron Pago total Signatura topográfica completa Código de barras Precio efectivo desde Tipo de documento Estado perdido Estado dañado No es para préstamo Retirado Ubicación permanente Ubicación actual Fecha de adquisición
15/05/2020   SC/678.04+692.4/A20 Bib-Lima15053374 15/05/2020 Libros         Biblioteca Central Lima Biblioteca Central Lima 15/05/2020